Greater Toronto Area Major Roads - Statistics

General Stats
  • This quiz has been taken 75 times
  • The average score is 54 of 232
Answer Stats
City Found Major Street % Correct
Toronto/York Yonge St
93%
York King–Vaughan Line
89%
York/Durham King Rd
88%
Toronto/Peel King St
88%
Toronto/Peel Queen St
88%
Toronto/Durham Dundas St
86%
Toronto Bay St
84%
Toronto/Durham Finch Ave
84%
Toronto/Peel Steeles Ave
82%
Toronto Eglinton Ave
81%
Toronto/Durham Bloor St
79%
York/Durham York-Durham Line
79%
Toronto Sheppard Ave
75%
Toronto York St
75%
Toronto/York Bathurst St
72%
Toronto Highway 401
72%
Toronto St Clair Ave
72%
Toronto/York Keele St
70%
Toronto/York Leslie St
70%
Toronto/York Bayview St
68%
Toronto Lawrence Ave
68%
York Highway 7
67%
Toronto/York Jane St
67%
Toronto/Peel Kennedy Rd
67%
Toronto | York Markham Rd
67%
Toronto/York McCowan Rd
67%
Toronto/York Don Mills Rd
65%
Toronto Spadina Ave
65%
York Highway 407 ETR
63%
Toronto/York Islington Ave
63%
Toronto/York Warden Ave
63%
Toronto Highway 403
61%
York/Toronto Highway 404
61%
Toronto/Peel The Queensway
61%
York/Durham Victoria Rd
60%
Toronto Kipling Ave
58%
Toronto Lake Shore Blvd
58%
Toronto College St
54%
York Major Mackenzie Dr
54%
Toronto/Durham Wilson Ave
54%
Toronto Front St
51%
Durham Highway 2
51%
Toronto University Ave
51%
York/Durham Main St
49%
York/Toronto Highway 400
47%
Toronto Allen Rd
46%
Toronto Ellesmere Rd
46%
Toronto/Durham Kingston Rd
46%
Toronto Victoria Park Ave
46%
Toronto Danforth Ave
44%
Toronto Don Valley Parkway
44%
Toronto Midland Ave
44%
Toronto/York Weston Rd
44%
Toronto/York Woodbine Ave
44%
Toronto Brimley St
42%
Toronto Martin Grove Rd
42%
York 16th Ave
40%
Peel Dixie Rd
40%
York Highway 9
40%
Toronto Avenue Rd
39%
York Davis Dr
39%
Toronto/York Highway 27
39%
York Rutherford Rd
39%
York Elgin Mills Rd
37%
York/Toronto Highway 427
37%
Durham Brock St
35%
Toronto Richmond St
35%
Peel Mississauga Rd
33%
Toronto Birchmount Rd
32%
Toronto Dupont St
32%
Toronto Gardiner Expressway
32%
Peel Airport Rd
28%
York Green Ln
28%
Toronto Pape Ave
28%
Durham Simcoe St
28%
Toronto Harbour St
26%
York Wellington St
26%
Peel/Halton Winston Churchill Blvd
26%
Toronto Burnhamthorpe Rd
25%
Toronto/Durham Church St
25%
Toronto Davenport Rd
25%
Peel Erin Mills Parkway
25%
York Highway 50
25%
York Langstaff Rd
25%
York/Durham Ninth Line
25%
York Stouffville Rd
25%
Toronto Albion Rd
23%
York Bloomington Rd
23%
Peel/Halton Derry Rd
21%
Toronto/Durham Park Rd
21%
Toronto Rexdale Blvd
21%
Toronto Black Creek Dr
19%
Toronto Browns Line
19%
Toronto Carlton St
19%
Peel Cawthra Rd
19%
York/Durham Highway 48
19%
Toronto Mount Pleasant Rd
19%
York Mullock Dr
19%
Toronto Renforth Dr
19%
Durham Taunton Rd
19%
Durham White Rd
19%
Durham Highway 47
16%
Durham Mill St
16%
Toronto Scarlett Rd
16%
Toronto The Kingsway
16%
York Carrville Ave
14%
York/Durham Center St
14%
York Lloydtown-Aurora Rd
14%
Toronto Queens Park
14%
Halton Trafalgar Rd
14%
Peel/Halton Britannia Rd
12%
Peel Caledon-East Garafraxa Townline
12%
Toronto Dixon Rd
12%
Toronto Eastern Ave
12%
Peel Gore Rd
12%
Durham Harmony Rd
12%
Toronto Parkside Dr
12%
York St John Sideroad
12%
Toronto Laird Rd
11%
York Pine Valley Dr
11%
Durham Salem Rd
11%
Durham Thickson Rd
11%
Halton Appleby Line
9%
York Gamble Rd
9%
York Kirby Rd
9%
Durham Lake Ridge Rd
9%
Halton Maple Ave
9%
Durham Rossland Rd
9%
Durham Toronto St
9%
Peel Bovaird Dr
7%
Halton Brant St
7%
Durham Central St
7%
Toronto Evans Ave
7%
Halton Guelph Line
7%
Toronto Highway 2A
7%
Peel Mayfield Rd
7%
Toronto Overlea Ave
7%
York Ravenshoe Rd
7%
Durham Thornton Rd
7%
Toronto Walsh Ave
7%
Durham Anderson St
5%
Durham Bayly St
5%
Durham Bowmanville Ave
5%
Toronto Castle Frank Dr
5%
Toronto Cherry St
5%
Toronto Leaside Bdge
5%
Toronto Millwood Rd
5%
York Queensville Sideroad
5%
Durham River Rd
5%
Durham Stevenson Rd
5%
Durham Townline St
5%
Toronto Trethewey Dr
5%
Durham Altona Rd
4%
Toronto Carlingview Dr
4%
York Doane Rd
4%
Toronto/York Duffern St
4%
York Glenwood Ave
4%
York Holland Landing Rd
4%
Toronto Lower Jarvis St
4%
York Metro Rd
4%
Durham North St
4%
Toronto O'Conner Dr
4%
York Pefferlaw Rd
4%
Durham Baldwin St
2%
York Bradford St
2%
Halton Burloak Dr
2%
York/Durham Canal Rd
2%
Durham Cochrane St
2%
Peel Coleraine Dr
2%
Durham Columbus Rd
2%
Durham Consumers Dr
2%
York Dalton Rd
2%
Halton Dorval Dr
2%
Durham Goodwood Rd
2%
Durham Henry St
2%
Durham Liberty St
2%
York Morton Dr
2%
Toronto Oriole Pkwy
2%
Toronto Oxton Ave
2%
Toronto Park Lawn Rd
2%
Durham Stellar Dr
2%
Toronto St Phillips Rd
2%
Halton Tremaine Rd
2%
Durham Wentworth St
2%
Durham Whitevale Rd
2%
Durham Winchester Rd
2%
Toronto Yore Rd
2%
Durham Zephyr Rd
2%
Toronto/Durham Adelide St
0%
York Black River Rd
0%
Peel Bush St
0%
Durham Cameron St
0%
Halton Campbellville Rd
0%
Durham Chaplain Ave
0%
Toronto Charles H HiscottBdge
0%
Peel Charleston Sideroad
0%
Toronto Drumsnab Rd
0%
Peel Embleton Rd
0%
Durham Enfield Rd
0%
Durham Fairbank St
0%
Peel Forks of the Credit Rd
0%
Durham Ganaraska Rd
0%
Toronto Gerrand St
0%
Durham Gibb Rd
0%
Durham Grandview St
0%
Durham Hopkins St
0%
Durham Island Rd
0%
Halton James Snow Pkwy
0%
Toronto Lonsdale Rd
0%
Durham Manning St
0%
Durham Mara Rd
0%
Peel Marvis Rd
0%
Halton Milburough Line
0%
Durham Myrtle Rd
0%
Peel Old Church Rd
0%
Peel Olde Baseline Rd
0%
Durham Olive Ave
0%
Durham Osborne St
0%
Toronto Parkwoods Village Dr
0%
Durham Phillp Murray Ave
0%
Toronto Prince EdwardViaduct
0%
Durham Raglan Rd
0%
Durham Reach St
0%
Durham Riston Rd
0%
Durham Saintfield Rd
0%
Durham Sandford Rd
0%
Durham Shirley Rd
0%
Durham Shore Line Rd
0%
York Station Rd
0%
Durham Talbot Rd
0%
York Weirs Sideroad
0%
No matching quizzes found
Score Distribution
Percent of People with Each Score
Percentile by Number Answered
Your Score History
You have not taken this quiz